How to stay out of court (Record no. 76331)

MARC details
000 -LEADER
fixed length control field 01181cab a2200205 4500
001 - CONTROL NUMBER
control field ##L132119
008 - FIXED-LENGTH DATA ELEMENTS--GENERAL INFORMATION
fixed length control field 060111n2006 000 0 eng u
035 ## - SYSTEM CONTROL NUMBER
System control number (Sirsi) u132119
041 0# - LANGUAGE CODE
Language code of text/sound track or separate title eng
100 1# - MAIN ENTRY--PERSONAL NAME
Personal name Woudman, Kevin
245 00 - TITLE STATEMENT
Title How to stay out of court
260 ## - PUBLICATION, DISTRIBUTION, ETC.
Date of publication, distribution, etc. 2006
490 #0 - SERIES STATEMENT
Series statement Estates Gazette
Volume/sequential designation (0601) 7 January 2006, 91-92(2)
520 ## - SUMMARY, ETC.
Summary, etc. The majority of dilapidations disputes are resolved between the parties without recourse to litigation. Considers the alternative means of dispute resolution which may offer distinct advantages over litigation where disputes cannot be resolved by agreement: arbitration, independent expert determination, mediation particularly in multi-party disputes and early expert evaluation. Concludes that no resolution process is universally appropriate for all disputes and flags up dispute resolution services such as offered by RICS.
590 ## - LOCAL NOTE (RLIN)
Local note IKA170106
650 24 - SUBJECT ADDED ENTRY--TOPICAL TERM
Topical term or geographic name entry element ARBITRATION ACT 1996
690 ## - LOCAL SUBJECT ADDED ENTRY--TOPICAL TERM (OCLC, RLIN)
Topical term or geographic name as entry element MANAGEMENT- DISPUTE AVOIDANCE, MANAGEMENT AND RESOLUTION-DISPUTE MANAGEMENT AND RESOLUTION-ALTERNATIVE DISPUTE RESOLUTION
690 ## - LOCAL SUBJECT ADDED ENTRY--TOPICAL TERM (OCLC, RLIN)
Topical term or geographic name as entry element PROPERTY-LEASEHOLD PROPERTY-LANDLORD AND TENANT-DILAPIDATIONS
942 ## - ADDED ENTRY ELEMENTS (KOHA)
Suppress in OPAC 0
Holdings
Withdrawn status Lost status Source of classification or shelving scheme Damaged status Not for loan Home library Current library Shelving location Date acquired Total Checkouts Full call number Barcode Date last seen Copy number Price effective from Koha item type
    Dewey Decimal Classification     London London Journal article 11/01/2006   L132119 132119-1001 06/08/2019 1 06/08/2019 Journal article